000 00527nam a2200181 a 4500
005 20140412111323.0
008 001214s19uu xx 00 eng d
020 _a0-307-98808-2
050 _aER
_bBa23 1997
100 _aHughes, Francine
245 _aBarbie: the special sleepover /
_cby Francine Hughes ; illustrated by S. I. Artists.
260 _aNew York :
_bA Golden Book,
_c1997.
300 _a1 v. (unp.) ; ill.
440 _aBarbie
650 _aBarbie's stories - Fiction
999 _c104450
_d104450